Introduction to tourism /

Hlavní autor: Dluhošová, Radmila, 1962-
Jazyk: Angličtina
Vydáno: Opava : Slezská univerzita v Opavě, 2017
Vydání: Vydání první
Témata:
Fyzický popis: 114 stran ; 26 cm
Knihy
Uloženo v:
LEADER 01394nam a2200409 i 4500
001 nkc20182993470
003 CZ PrNK
005 20190107134003.0
007 ta
008 180425s2017 xr e p 000 0 eng
015 |a cnb002993470 
020 |a 978-80-7510-259-1  |q (brožováno) :  |c neprodejné 
035 |a (OCoLC)1039845988 
040 |a ABA001  |b cze  |e rda 
072 7 |a 338.3/.4  |x Hospodářská a výrobní odvětví  |2 Konspekt  |9 4 
072 7 |a 37.016  |x Učební osnovy. Vyučovací předměty. Učebnice  |2 Konspekt  |9 22 
080 |a 338.48  |2 MRF 
080 |a (075.8)  |2 MRF 
100 1 |a Dluhošová, Radmila,  |d 1962-  |7 jx20110817004  |4 aut 
245 1 0 |a Introduction to tourism /  |c Radmila Dluhošová 
250 |a Vydání první 
264 1 |a Opava :  |b Slezská univerzita v Opavě,  |c 2017 
300 |a 114 stran ;  |c 26 cm 
336 |a text  |b txt  |2 rdacontent 
337 |a bez média  |b n  |2 rdamedia 
338 |a svazek  |b nc  |2 rdacarrier 
500 |a 100 výtisků 
504 |a Obsahuje bibliografii 
650 0 7 |a cestovní ruch  |7 ph119113  |2 czenas 
650 0 9 |a tourism  |2 eczenas 
655 7 |a učebnice vysokých škol  |7 fd133772  |2 czenas 
655 9 |a textbooks (higher)  |2 eczenas 
910 2 |a BOA001  |b 2-1407.100 
990 |a BK 
995 |a 01 
991 |b 201804  |c NOV 
996 6 |b 2610741300  |c 2-1407.100  |l MZK  |r Sklad / do 1 hodiny  |n 4  |p p.v.  |w 001661454  |u 000010  |a 1  |e BOA001  |j MZK50  |s P